Huey long

Spremljeno u:
Bibliografski detalji
Glavni autor: Williams, T. Harry
Format: Knjiga
Jezik:Undetermined
Izdano: New York Alfred A. Knopf 1969
Teme:
Oznake: Dodaj oznaku
Bez oznaka, Budi prvi tko označuje ovaj zapis!
Thư viện lưu trữ: Trung tâm Học liệu Trường Đại học Cần Thơ
LEADER 00507nam a2200205Ia 4500
001 CTU_85795
008 210402s9999 xx 000 0 und d
082 |a 976.3 
082 |b W727 
100 |a Williams, T. Harry 
245 0 |a Huey long 
245 0 |c T. Harry Williams 
260 |a New York 
260 |b Alfred A. Knopf 
260 |c 1969 
650 |a Legislators 
650 |x Biography 
650 |z United states 
904 |i Trúc 
980 |a Trung tâm Học liệu Trường Đại học Cần Thơ